Introduction to biblical counseling : (Record no. 2128)

MARC details
000 -LEADER
fixed length control field 01316cam a2200325 a 4500
001 - CONTROL NUMBER
control field 3486012
003 - CONTROL NUMBER IDENTIFIER
control field GBCCL
005 - DATE AND TIME OF LATEST TRANSACTION
control field 20241126110418.0
008 - FIXED-LENGTH DATA ELEMENTS--GENERAL INFORMATION
fixed length control field 940314s1994 txu b 001 0 eng
010 ## -
-- 94010306
020 ## - INTERNATIONAL STANDARD BOOK NUMBER
International Standard Book Number 0849910935 :
Terms of availability $24.99
040 ## - CATALOGING SOURCE
Original cataloging agency DLC
Transcribing agency DLC
Modifying agency DLC
050 00 -
-- BV4012
-- .M32 1994
082 00 - DEWEY DECIMAL CLASSIFICATION NUMBER
Classification number 253.5
Edition information 20
Item number MAC
100 1# - MAIN ENTRY--PERSONAL NAME
Personal name MacArthur, John,
Dates associated with a name 1939-
9 (RLIN) 1165
245 10 - TITLE STATEMENT
Title Introduction to biblical counseling :
Remainder of title a basic guide to the principles and practice of counseling /
Statement of responsibility, etc. John F. MacArthur, Jr., Wayne A. Mack, and the Master's College faculty.
260 ## - PUBLICATION, DISTRIBUTION, ETC.
Place of publication, distribution, etc. Pune :
-- Dallas :
Name of publisher, distributor, etc. Grace to India,
-- Word Pub.,
Date of publication, distribution, etc. c1994.
300 ## - PHYSICAL DESCRIPTION
Extent xvi, 407 p. ;
Dimensions 24 cm.
504 ## - BIBLIOGRAPHY, ETC. NOTE
Bibliography, etc. note Includes bibliographical references (p. 333-355) and indexes.
650 #0 - SUBJECT ADDED ENTRY--TOPICAL TERM
Topical term or geographic name entry element Biblical counseling.
General subdivision Counseling
9 (RLIN) 14418
650 #0 - SUBJECT ADDED ENTRY--TOPICAL TERM
Topical term or geographic name entry element Discipling (Christianity)
9 (RLIN) 4375
650 #0 - SUBJECT ADDED ENTRY--TOPICAL TERM
Topical term or geographic name entry element Pastoral psychology.
9 (RLIN) 176
653 0# - INDEX TERM--UNCONTROLLED
Uncontrolled term Nouthetic counseling
700 1# - ADDED ENTRY--PERSONAL NAME
Personal name Mack, Wayne A.
9 (RLIN) 4376
710 2# - ADDED ENTRY--CORPORATE NAME
Corporate name or jurisdiction name as entry element Master's College.
9 (RLIN) 4377
856 42 - ELECTRONIC LOCATION AND ACCESS
Materials specified Publisher description
Uniform Resource Identifier <a href="http://www.loc.gov/catdir/enhancements/fy0609/94010306-d.html">http://www.loc.gov/catdir/enhancements/fy0609/94010306-d.html</a>
906 ## - LOCAL DATA ELEMENT F, LDF (RLIN)
a 7
b cbc
c orignew
d 1
e ocip
f 19
g y-gencatlg
942 ## - ADDED ENTRY ELEMENTS (KOHA)
Source of classification or shelving scheme Dewey Decimal Classification
Koha item type Books
Koha issues (borrowed), all copies 21
Holdings
Withdrawn status Lost status Source of classification or shelving scheme Damaged status Not for loan Home library Current Library Shelving location Date acquired Total checkouts Total renewals Full call number Barcode Date last seen Date last checked out Copy number Price effective from Koha item type
    Dewey Decimal Classification     GRACE BIBLE COLLEGE GRACE BIBLE COLLEGE Ministry & Mission 2017-07-06 8 1 253.5 MAC 006596 2025-05-01 2025-02-25 c.1 2017-07-06 Books
    Dewey Decimal Classification     GRACE BIBLE COLLEGE GRACE BIBLE COLLEGE Ministry & Mission 2017-07-06 14 6 253.5 MAC 006626 2025-05-01 2024-06-28 c.2 2017-07-06 Books
© Grace Bible College Library 2025